| 000 | 00940cab a2200289 4500 | ||
|---|---|---|---|
| 001 | ABS57764 | ||
| 008 | 090401t1997 xxu||||| |||| 00| 0 eng d | ||
| 035 | _a(Sirsi) u81593 | ||
| 041 | _aeng | ||
| 100 | _aSmithers, T. | ||
| 245 | _aLicence to drill | ||
| 260 | _c1997 | ||
| 350 | _a0 | ||
| 490 |
_aEstates Gazette _v(9741) 11 October 1997, 146-148(3) |
||
| 520 | _aExplores legal means which allow tenants to take up occupation early for fitting-out works, yet protect the rights of landlords. Includes an early access and alterations checklist and a landlord`s action list for contracted-out tenancy holding over. | ||
| 650 | _aALTERATIONS | ||
| 650 | _aCHECKLISTS | ||
| 650 | _aEARLY ACCESS | ||
| 650 | _aFITTING OUT | ||
| 650 | _aFITTING-OUT PERIODS | ||
| 650 | _aHEADS OF TERMS | ||
| 650 | _aHOLDING OVER | ||
| 690 | _aPROPERTY-LANDLORD AND TENANT | ||
| 700 | _aWillis, B. | ||
| 942 | _n0 | ||
| 948 | _c21/10/1997 | ||
| 999 |
_c51420 _d51420 |
||